000 00327nam a22001457a 4500
003 SGT
020 _a9788189530419
082 _a346.20954,BAN
100 _aBANGIA,R.K
245 _aINDIAN CONTRACT ACT
260 _aFARIDABAD
_bALLAHABAD LAW AGENCY
_c2013
300 _a522
650 _aINDIAN CONTRACT ACT
942 _2ddc
_cBK
999 _c9568
_d9568